The noble scholar, jurist, historian


 His Excellency Dr. Abdul Wahhab bin Ibrahim Abu Sulaiman, may Allah have mercy on him.


 He was born in Umm Al-Qura in the year 1356 AH.

علماء وأعلام كتبوا في مجلة الوعي الإسلامي الكويتية : (Record no. 3861)

MARC details
000 -LEADER
fixed length control field 01851cam a2200325 ia4500
003 - CONTROL NUMBER IDENTIFIER
control field SA-RiAUC
005 - DATE AND TIME OF LATEST TRANSACTION
control field 20241224074345.0
008 - FIXED-LENGTH DATA ELEMENTS--GENERAL INFORMATION
fixed length control field 241223s2011____ku o g f001 0 ara c
040 ## - CATALOGING SOURCE
Original cataloging agency KW-KcMOE
Language of cataloging ara
Transcribing agency SA-RiAUC
Modifying agency KW-KwMAI
Description conventions rda
082 04 - DEWEY DECIMAL CLASSIFICATION NUMBER
Classification number 210.8
Assigning agency SA-RiAUC
090 ## - LOCALLY ASSIGNED LC-TYPE CALL NUMBER (OCLC); LOCAL CALL NUMBER (RLIN)
Classification number (OCLC) (R) ; Classification number, CALL (RLIN) (NR) 210.8
Local cutter number (OCLC) ; Book number/undivided call number, CALL (RLIN) ع ل م
245 00 - TITLE STATEMENT
Title علماء وأعلام كتبوا في مجلة الوعي الإسلامي الكويتية :
Remainder of title مقالات حصرية نشرت في المجلة لـ 35 عالما من علماء الأمة الإسلامية وأعلامها ما بين عامي 1385 هـ.-1426 هـ. /
Statement of responsibility, etc. جمع مجلة الوعي الإسلامي
246 3# - VARYING FORM OF TITLE
Title proper/short title علماء وأعلام كتبوا في مجلة الوعي الإسلامي الكويتية :
Remainder of title مقالات حصرية نشرت في المجلة لخمس وثلاثين عالما من علماء الأمة الإسلامية وأعلامها ما بين عامي 1385 هـ.-1426 هـ.
250 ## - EDITION STATEMENT
Edition statement الطبعة الأولى.
264 #1 - PRODUCTION, PUBLICATION, DISTRIBUTION, MANUFACTURE, AND COPYRIGHT NOTICE
Place of production, publication, distribution, manufacture الكويت :
Name of producer, publisher, distributor, manufacturer وزارة الأوقاف والشؤون الإسلامية، قطاع الشؤون الثقافية،
Date of production, publication, distribution, manufacture, or copyright notice 2011
300 ## - PHYSICAL DESCRIPTION
Extent 2 مجلد :
Other physical details صور ؛
Dimensions 25 سم.
336 ## - CONTENT TYPE
Content type term نص
Content type code txt
Source rdacontent
Materials specified كتاب
337 ## - MEDIA TYPE
Media type term بدون وسيط
Media type code n
Source rdamedia
338 ## - CARRIER TYPE
Carrier type term مجلد
Carrier type code nc
Source rdacarrier
490 1# - SERIES STATEMENT
Series statement الوعي الإسلامي ؛
Volume/sequential designation 14
500 ## - GENERAL NOTE
General note كشاف الأعلام : مجلد 2، صفحة 629-630.
520 0# - SUMMARY, ETC.
Summary, etc. الإسلام.
650 #7 - SUBJECT ADDED ENTRY--TOPICAL TERM
Topical term or geographic name entry element الإسلام
Form subdivision مقالات ومحاضرات
Source of heading or term aucsh
710 2# - ADDED ENTRY--CORPORATE NAME
Corporate name or jurisdiction name as entry element مجلة الوعي الإسلامي (الكويت)
Relator term جامع.
830 #2 - SERIES ADDED ENTRY--UNIFORM TITLE
Uniform title الوعي الإسلامي (الكويت. وزارة الأوقاف والشؤون الإسلامية)
Volume/sequential designation 14
856 4# - ELECTRONIC LOCATION AND ACCESS
Uniform Resource Identifier <a href="Books/20">Books/20</a>
Electronic name 1
856 4# - ELECTRONIC LOCATION AND ACCESS
Uniform Resource Identifier <a href="Books/21">Books/21</a>
Electronic name 2
942 ## - ADDED ENTRY ELEMENTS (KOHA)
Source of classification or shelving scheme Dewey Decimal Classification
Koha item type Books
Suppress in OPAC No
949 ## - LOCAL PROCESSING INFORMATION (OCLC)
a SA-JeALM
d 241223
u osman123
n 1
Holdings
Withdrawn status Lost status Source of classification or shelving scheme Materials specified (bound volume or other part) Damaged status Not for loan Home library Current library Date acquired Total checkouts Full call number Barcode Date last seen Price effective from Koha item type
    Dewey Decimal Classification الجزء الأول     DR AbdElwahab Library DR AbdElwahab Library 12/24/2024   210.8 ع ل م 000006157 12/24/2024 12/24/2024 Books
    Dewey Decimal Classification الجزء الثاني     DR AbdElwahab Library DR AbdElwahab Library 12/24/2024   210.8 ع ل م 000006158 12/24/2024 12/24/2024 Books